[Event "Arosa HT2 op"]
[Site "Arosa"]
[Date "1996.07.12"]
[Round "2.14"]
[White "Frei, Urs"]
[Black "Lachat, Martin"]
[Result "1-0"]
[WhiteElo "1770"]
[BlackElo "1665"]
[PlyCount "45"]
[EventDate "1996.07.11"]
[EventType "swiss"]
[EventRounds "7"]
[EventCountry "SUI"]
[SourceTitle "EXT 2013"]
[Source "ChessBase"]
[SourceDate "2012.11.22"]
[SourceVersion "1"]
[SourceVersionDate "2012.11.22"]
[SourceQuality "1"]

1. e4 d5 2. exd5 Nf6 3. c4 c6 4. dxc6 Nxc6 5. Nf3 e5 6. d3 e4 7. dxe4 Qxd1+ 8. Kxd1 Nxe4 9. Be3 Bg4 10. Be2 Rd8+ 11. Nfd2 Bxe2+ 12. Kxe2 Nd4+ 13. Bxd4 Rxd4 14. Nxe4 Rxe4+ 15. Kd3 f5 16. Nc3 Rf4 17. Rhe1+ Kf7 18. f3 Bb4 19. b3 Rd8+ 20. Kc2 Rfd4 21. Re2 Rd3 22. Nd5 Bd6 23. Kxd3 1-0